000 00885nam a22002657a 4500
999 _c33246
_d33246
001 2323
003 CO-MdFUSB
005 20170920094829.0
008 170920t1979 xxu||||| |||| 00| 0 eng d
020 _a0-8387-1576-1
040 _aCO-MdFUSB
_bspa
_cCO-MdFUSB
_dCO-MdFUSBC
_erda
041 0 _aeng
082 0 4 _aG 223.7 B9161l
100 1 _aBryce, Glendon E.
_eautor
245 1 2 _aA legacy of Wisdom
_b: The egyptian contribution to the wisdom of Israel
_c/ Glendon E. Bryce
264 4 _aLondon, England :
_bAssociated University Presses,
_c©1979
300 _a335 Pag
336 _2rdacontent
_atexto
_btxt
337 _2rdamedia
_asin mediación
_bn
338 _2rdacarrier
_avolumen
_bnc
501 _aPasta dura, fotocopia
653 _aInterpretación de la Biblia A.T. - Proverbios
653 _aLiteratura sapiencial - relación con la literatura egipcia
942 _cBK